Multimodálny biometrický systém na báze odtlačkov prstov a rukou písaných podpisov

Salvato in:
Dettagli Bibliografici
Autore principale: Kurilla, Juraj (Autore)
Altri autori: Marák, Pavol (Relatore della tesi)
Natura: Manoscritto Libro
Lingua:slovacco
Pubblicazione: 2019
Soggetti:
Accesso online:http://is.stuba.sk/zp/portal_zp.pl?podrobnosti=125611
Tags: Aggiungi Tag
Nessun Tag, puoi essere il primo ad aggiungerne!!

MARC

LEADER 00000ntm a22000003a 4500
001 stuzp66268
003 SK-STU
005 20190903131254.1
007 ta
008 150427s2015----xo-----f-mn---000-0-slo-d
040 |a STU  |b slo 
041 0 |a slo 
044 |a xo 
100 1 |a Kurilla, Juraj  |u 035000  |4 aut  |U FEI Fakulta elektrotechniky a informatiky  |T FEI Ústav informatiky a matematiky  |X 81468  |U E050  |Y 816  |7 81468 
242 0 1 |a Multimodal biometric system based on fingerprints and handwritten signatures  |y eng 
245 1 0 |a Multimodálny biometrický systém na báze odtlačkov prstov a rukou písaných podpisov 
260 |c 2019 
300 |a 38 s.,  |b CD-ROM 
650 4 |a sift  |2 slo 
650 4 |a surf  |2 slo 
650 4 |a orb  |2 slo 
650 4 |a multimodálny biometrický systém  |2 slo 
650 4 |a porovnávanie podpisov  |2 slo 
650 4 |a porovnávanie odtlačkov  |2 slo 
650 4 |a extrakcia kľúčových bodov  |2 slo 
650 4 |a sift  |2 eng 
650 4 |a surf  |2 eng 
650 4 |a orb  |2 eng 
650 4 |a multimodal biometric system  |2 eng 
650 4 |a fingerprint matching  |2 eng 
650 4 |a handwriting matching  |2 eng 
650 4 |a keypoints extraction  |2 eng 
700 1 |a Marák, Pavol  |u 035000  |k Z8  |4 ths  |U FEI Fakulta elektrotechniky a informatiky  |T FEI Ústav informatiky a matematiky  |X 50790  |U E050  |Y 816  |7 A000050790 
856 4 |u http://is.stuba.sk/zp/portal_zp.pl?podrobnosti=125611 
996 |b 284ER03026  |c E*Bc- 3026  |l EE35  |s P  |a 0  |w stuzp66268_0001